[Event "Good moves usually have at least two ideas"]
[Site "SchemingMind.com"]
[Date "2010.07.01"]
[Round "-"]
[White "Quirine"]
[Black "rafaelcarreiro"]
[Result "1-0"]
[WhiteCountry "NED"]
[BlackCountry "BRA"]
[WhiteElo "2013"]
[WhiteRD "85"]
[BlackElo "1735"]
[BlackRD "157"]
[GameID "253072"]

1. d4 d5 2. Nf3 Nf6 3. c4 c6 4. Nc3 e6 5. Bg5 dxc4 6. e4 b5 7. e5 h6 8. Bh4 g5 9. Nxg5 hxg5 10. Bxg5 Nbd7
11. g3 Rg8 12. Bxf6 Nxf6 13. exf6 Qxf6 14. Bg2 Bb7 15. Nxb5 Bb4+ 16. Kf1 Qe7 17. Nc3 O-O-O 18. Qa4 c5 19. Nb5 Bxg2+ 20. Kxg2 cxd4
21. Nxa7+ Kb7 22. Nc6 Qc5 23. Nxb4 Ra8 24. Qd7+ Kb6 25. Nc2 d3 26. Ne3 Ra7 27. Nxc4+ Qxc4 28. Qd6+ Kb7 29. Rhc1 Qe4+ 30. Kg1 Raa8
31. Rc7+ Kb8 32. Qb6+ Qb7 33. Qxb7#
1-0

[Event "Good moves usually have at least two ideas"]
[Site "SchemingMind.com"]
[Date "2010.07.01"]
[Round "-"]
[White "rafaelcarreiro"]
[Black "Quirine"]
[Result "0-1"]
[WhiteCountry "BRA"]
[BlackCountry "NED"]
[WhiteElo "1735"]
[WhiteRD "157"]
[BlackElo "2013"]
[BlackRD "85"]
[GameID "253076"]

1. d4 Nf6 2. c4 g6 3. Nc3 Bg7 4. e4 d6 5. Nf3 O-O 6. Be2 e5 7. Be3 Ng4 8. Bg5 f6 9. Bh4 Nh6 10. dxe5 dxe5
11. Qxd8 Rxd8 12. Nd5 g5 13. Nxc7 gxh4 14. Nxa8 Na6 15. c5 Nxc5 16. Nc7 Nxe4 17. Rd1 Rxd1+ 18. Bxd1 Nf5 19. Bc2 Ned6 20. Bb3+ Kf8
21. Ne6+ Bxe6 22. Bxe6 Ke7 23. Bd5 e4 24. Nd2 e3 25. Nb3 b6 26. Ke2 exf2 27. Kxf2 Kd7 28. Re1 Ne7 29. Rd1 f5 30. a4 Bxb2
31. Kf3 Be5 32. h3 a6 33. a5 bxa5 34. Nxa5 Nxd5 35. Rxd5 Ke6 36. Rc5 Ne4 37. Rc6+ Kf7 38. Rxa6 Nd2+ 39. Ke2 Ne4 40. Rh6 Bg3
41. Rxh7+ Kg6 42. Rc7 Bxc7
0-1

[Event "Good moves usually have at least two ideas"]
[Site "SchemingMind.com"]
[Date "2010.07.23"]
[Round "-"]
[White "Midlander"]
[Black "CHESS POET"]
[Result "0-1"]
[WhiteCountry "ENG"]
[BlackCountry "GER"]
[WhiteElo "2214"]
[WhiteRD "68"]
[BlackElo "2318"]
[BlackRD "112"]
[GameID "254914"]

1. g3 f5 2. Bg2 Nf6 3. Nf3 e6 4. O-O d5 5. c4 Bd6 6. Nc3 O-O 7. d3 dxc4 8. dxc4 Nc6 9. e4 e5 10. exf5 Bxf5
11. c5 Bxc5 12. Qb3+ Kh8 13. Qxb7 Bd7 14. Qb3 Rb8 15. Qc4 Qe7 16. Re1 Rb4 17. Qe2 Ng4 18. Be3 Nxe3 19. fxe3 e4 20. Nd2 Rxb2
21. Ncxe4 Ne5 22. Rab1 Rxa2 23. Nxc5 Bg4 24. Qb5 Rxd2 25. Qb4 Rc2
0-1

[Event "Good moves usually have at least two ideas"]
[Site "SchemingMind.com"]
[Date "2010.07.23"]
[Round "-"]
[White "CHESS POET"]
[Black "Midlander"]
[Result "1-0"]
[WhiteCountry "GER"]
[BlackCountry "ENG"]
[WhiteElo "2318"]
[WhiteRD "112"]
[BlackElo "2214"]
[BlackRD "68"]
[GameID "254917"]

1. d4 g6 2. Nf3 Bg7 3. e4 d6 4. Nc3 Nf6 5. Be3 O-O 6. Qd2 c6 7. Bh6 Bg4 8. O-O-O Qa5 9. Bxg7 Kxg7 10. h3 Bxf3
11. gxf3 Nbd7 12. h4 b5 13. Kb1 b4 14. Ne2 c5 15. h5 Rh8 16. Qg5 Qc7 17. Bh3 h6 18. Qg2 Nf8 19. hxg6 fxg6 20. f4 e5
21. dxe5 dxe5 22. fxe5 Qxe5 23. Bf5 Ng8 24. Rd5 Qc7 25. Rhd1 Nf6 26. Rd6
1-0

[Event "Good moves usually have at least two ideas"]
[Site "SchemingMind.com"]
[Date "2010.08.01"]
[Round "-"]
[White "mochiron"]
[Black "baron1"]
[Result "0-1"]
[WhiteCountry "JPN"]
[BlackCountry "ENG"]
[WhiteElo "1484"]
[WhiteRD "71"]
[BlackElo "2445"]
[BlackRD "92"]
[GameID "256065"]

1. f4 d5 2. Nf3 g6 3. e3 Bg7 4. Be2 Nf6 5. O-O O-O 6. d4 c5 7. c3 Qc7 8. Bd2 a6 9. c4 dxc4 10. Nc3 cxd4
11. Nxd4 Nc6 12. Nf3 b5 13. a3 Rd8 14. Ne5 Nxe5 15. fxe5 Qxe5 16. Bf3 Bh6 17. Qe2 Rxd2 18. Qe1 Bxe3+ 19. Kh1 Ra7 20. Rd1 Rad7
21. Rxd2 Rxd2 22. Ne2 Qxb2 23. Ng3 Qxa3 24. Ne4 Nxe4 25. Bxe4 f5 26. Bd5+ Rxd5 27. Rf3 f4 28. h3 c3 29. Rxe3 fxe3 30. Qxe3 Rd1+
0-1

[Event "Good moves usually have at least two ideas"]
[Site "SchemingMind.com"]
[Date "2010.08.01"]
[Round "-"]
[White "baron1"]
[Black "mochiron"]
[Result "1-0"]
[WhiteCountry "ENG"]
[BlackCountry "JPN"]
[WhiteElo "2445"]
[WhiteRD "92"]
[BlackElo "1484"]
[BlackRD "71"]
[GameID "256070"]

1. c4 e5 2. Nc3 d6 3. g3 Be7 4. Bg2 c5 5. e3 Nc6 6. Nf3 h6 7. d4 exd4 8. exd4 cxd4 9. Nxd4 Nxd4 10. Qxd4 Nf6
11. O-O h5 12. Bf4 Be6 13. Bxb7 Rb8 14. Bc6+ Kf8 15. Nd5 Nxd5 16. cxd5 Bd7 17. Qxa7 Bxc6 18. dxc6 Rc8 19. Rac1 h4 20. Qd7 Rc7
21. Qxd8+ Bxd8 22. Bxd6+ Kg8 23. Bxc7 Bxc7 24. Rfd1 hxg3 25. hxg3 g5 26. Rd7 Be5 27. Rd8+ Kg7 28. Rxh8 Kxh8 29. c7 Bxc7 30. Rxc7
1-0

[Event "Good moves usually have at least two ideas"]
[Site "SchemingMind.com"]
[Date "2010.09.09"]
[Round "-"]
[White "Mirta Crevani"]
[Black "emvarela"]
[Result "1-0"]
[WhiteCountry "ARG"]
[BlackCountry "ARG"]
[WhiteElo "2061"]
[WhiteRD "129"]
[BlackElo "1774"]
[BlackRD "54"]
[GameID "259424"]

1. c4 Nf6 2. Nc3 g6 3. g3 Bg7 4. Bg2 O-O 5. e4 d6 6. Nge2 c5 7. O-O Nc6 8. d3 e5 9. h3 a6 10. f4 exf4
11. gxf4 Nh5 12. Be3 f5 13. d4 cxd4 14. Nxd4 Nxd4 15. Bxd4 Bxd4+ 16. Qxd4 fxe4 17. Bxe4 Nxf4 18. Rxf4 Qg5+ 19. Kh1 Rxf4 20. Bd5+ Kf8
21. Qh8+ Ke7 22. Re1+ Kd7 23. Qe8+ Kc7 24. Re7+
1-0

[Event "Good moves usually have at least two ideas"]
[Site "SchemingMind.com"]
[Date "2010.09.09"]
[Round "-"]
[White "emvarela"]
[Black "Mirta Crevani"]
[Result "0-1"]
[WhiteCountry "ARG"]
[BlackCountry "ARG"]
[WhiteElo "1774"]
[WhiteRD "54"]
[BlackElo "2061"]
[BlackRD "129"]
[GameID "259431"]

1. e4 c6 2. d4 d5 3. Nc3 dxe4 4. Nxe4 Bf5 5. Ng3 Bg6 6. h4 h6 7. h5 Bh7 8. Nf3 Nd7 9. Bd3 Bxd3 10. Qxd3 Qc7
11. c4 e6 12. c5 O-O-O 13. b4 Ngf6 14. Ne4 e5 15. Nxf6 gxf6 16. dxe5 Nxc5 17. Qf5+ Ne6 18. Bd2 fxe5 19. Qxe5 Qxe5+ 20. Nxe5 Bg7
21. f4 Rd5 22. Bc3 Nxf4
0-1

[Event "Good moves usually have at least two ideas"]
[Site "SchemingMind.com"]
[Date "2010.09.19"]
[Round "-"]
[White "jesusch"]
[Black "Uzi Mike"]
[Result "1/2-1/2"]
[WhiteCountry "ESP"]
[BlackCountry "USA"]
[WhiteElo "2020"]
[WhiteRD "78"]
[BlackElo "2200"]
[BlackRD "73"]
[GameID "260357"]

1. e4 c5 2. Nf3 d6 3. d4 cxd4 4. Nxd4 Nf6 5. Nc3 Nc6 6. Bg5 Bd7 7. Qd2 Nxd4 8. Qxd4 Qa5 9. Bd2 e5 10. Qd3 Rc8
11. Nd5 Qd8 12. Nxf6+ Qxf6 13. Qb3 Rc7 14. Bb5 Qe6 15. Bxd7+ Qxd7 16. O-O Be7 17. c4 O-O 18. Qd3 a6 19. a4 Rc5 20. b3 Rc6
21. f4 exf4 22. Bxf4 Qe6 23. Rad1 Bf6 24. Rf3 Re8 25. Qd5 h6 26. Rfd3 Bd8 27. Qxe6 Bb6+ 28. Kf1 Rxe6 29. Bxd6 Rxe4 30. Rd5 Re6
31. R1d3 Bc7 32. Bxc7 Rxc7 33. Rd8+ Kh7 34. R8d7 Rxd7 35. Rxd7 Rb6 36. Rd3 a5 37. Ke2 f5 38. Kd2 f4 39. Kc3 Re6 40. c5 Re1
41. b4 axb4+ 42. Kxb4 Re2 43. g3 Rxh2 44. gxf4 Rb2+ 45. Kc4 Kg6 46. a5 h5 47. a6 bxa6 48. c6 Rb8 49. Rg3+ Kf5 50. Rxg7 Rb1
51. Rh7 Ke6 52. Rxh5 Rc1+ 53. Kb4 Rxc6 54. Kb3 Rc1 55. Ra5 Rf1 56. f5+ Kf6 57. Rxa6+ Kxf5 58. Ra8=
1/2-1/2

[Event "Good moves usually have at least two ideas"]
[Site "SchemingMind.com"]
[Date "2010.09.18"]
[Round "-"]
[White "Uzi Mike"]
[Black "jesusch"]
[Result "1-0"]
[WhiteCountry "USA"]
[BlackCountry "ESP"]
[WhiteElo "2289"]
[WhiteRD "74"]
[BlackElo "1973"]
[BlackRD "83"]
[GameID "260366"]

1. d4 Nf6 2. c4 e6 3. Nf3 d5 4. Nc3 c6 5. Bg5 h6 6. Bxf6 Qxf6 7. e3 Nd7 8. Bd3 dxc4 9. Bxc4 g6 10. O-O Bg7
11. b4 O-O 12. Rc1 Nb6 13. Qb3 a5 14. b5 Qd8 15. bxc6 bxc6 16. Be2 Rb8 17. Qa3 Nd5 18. Nxd5 cxd5 19. Rc5 Ra8 20. Rb1 Re8
21. Rc2 Re7 22. Bd3 Rb7 23. Rxb7 Bxb7 24. Ne5 Bxe5 25. dxe5 d4 26. e4 Ba6 27. Rd2 Bxd3 28. Qxd3 Rc8 29. g3 Rc1+ 30. Kg2 Ra1
31. Qa3 Qb6 32. Rb2 Qc7 33. Qd6 Qc3 34. Rb8+ Kh7 35. Qf8
1-0

[Event "Good moves usually have at least two ideas"]
[Site "SchemingMind.com"]
[Date "2010.09.18"]
[Round "-"]
[White "Mr Pawn"]
[Black "Quirine"]
[Result "1-0"]
[WhiteCountry "IND"]
[BlackCountry "NED"]
[WhiteElo "2254"]
[WhiteRD "95"]
[BlackElo "1982"]
[BlackRD "84"]
[GameID "260562"]

1. e4 e6 2. d4 d5 3. Nc3 Nf6 4. Bg5 Be7 5. e5 Nfd7 6. Bxe7 Qxe7 7. Nf3 a6 8. Bd3 c5 9. dxc5 Nc6 10. Na4 Ncxe5
11. Nxe5 Nxe5 12. O-O Bd7 13. Nb6 Rd8 14. b4 Nc6 15. Qd2 O-O 16. f4 Be8 17. f5 f6 18. fxe6 Qxe6 19. Bf5 Qf7 20. Rae1 Kh8
21. Be6 Qh5 22. Rf5 Qh4 23. Rxd5 Bg6 24. c3 Rxd5 25. Bxd5 Ne5 26. g3 Qg4 27. Qf4 Qh3 28. Rxe5
1-0

[Event "Good moves usually have at least two ideas"]
[Site "SchemingMind.com"]
[Date "2010.09.18"]
[Round "-"]
[White "Quirine"]
[Black "Mr Pawn"]
[Result "0-1"]
[WhiteCountry "NED"]
[BlackCountry "IND"]
[WhiteElo "1982"]
[WhiteRD "84"]
[BlackElo "2254"]
[BlackRD "95"]
[GameID "260567"]

1. d4 Nf6 2. Nf3 d5 3. c4 c6 4. Nc3 e6 5. Bg5 h6 6. Bxf6 Qxf6 7. e3 Nd7 8. Rc1 Bd6 9. Bd3 O-O 10. O-O Qe7
11. Re1 dxc4 12. Bxc4 b5 13. Bd3 Bb7 14. Ne4 Bb4 15. Re2 Rac8 16. a3 Ba5 17. b4 Bc7 18. Rec2 Rfd8 19. h3 a5 20. Qd2 axb4
21. axb4 Ra8 22. Ra2 Rxa2 23. Qxa2 Qxb4 24. Qa7 Rb8 25. Nc5 Bb6 26. Qxb8+ Nxb8 27. Nxb7 Qa3 28. Rd1 Qe7 29. Nc5 Bxc5 30. dxc5 Qxc5
31. Be4 Qb6 32. Ne5 c5 33. Ra1 Qd6 34. Nd3 f5
0-1

[Event "Good moves usually have at least two ideas"]
[Site "SchemingMind.com"]
[Date "2010.10.12"]
[Round "-"]
[White "baron1"]
[Black "BishopVesey"]
[Result "1-0"]
[WhiteCountry "ENG"]
[BlackCountry "ENG"]
[WhiteElo "2438"]
[WhiteRD "88"]
[BlackElo "2367"]
[BlackRD "79"]
[GameID "263416"]

1. c4 e5 2. Nc3 Bb4 3. Nd5 Be7 4. d4 d6 5. e4 c6 6. Nxe7 Qxe7 7. Ne2 Nf6 8. Nc3 O-O 9. f3 Na6 10. Be3 Nc7
11. d5 cxd5 12. cxd5 Nh5 13. Qd2 b6 14. Rc1 Qh4+ 15. g3 Qe7 16. Be2 Nf6 17. O-O h6 18. a4 Ba6 19. Nb5 Nxb5 20. axb5 Bb7
21. Rc4 Rfb8 22. Ra1 Bc8 23. Rc2 Ne8 24. Bd3 Qf6 25. f4 Bd7 26. Qb4 exf4 27. Bxf4 Rd8 28. Re1 Qg6 29. Qb3 Qh5 30. Rf2 Rac8
31. Qa3 Ra8 32. e5 Bf5 33. Bxf5 Qxf5 34. Bd2 Qh5 35. e6 f6 36. Qd3 Nc7 37. Bc3 Re8 38. Rd2 a6 39. bxa6 Nxa6 40. b4 Nc7
41. Bb2 Rec8 42. Rf1 Ne8 43. Rf4 Ra2 44. h3 Rc7 45. Kh2 Rc8 46. Rdf2 Rca8 47. g4 Qh4 48. Kg2 Qg5 49. Kg3 Nc7 50. Rf5 Qg6
51. Qc4 Ne8 52. Qc2 Qh7 53. Qc6 h5 54. gxh5 g6 55. R5f3 Qxh5 56. Kg2 Qh4 57. Kh2 Qe4 58. Rf4 Qb1 59. Qc3 R8a7 60. Rxf6 Nxf6
61. Qxf6 Rxb2 62. Rxb2 Qe4 63. Qd8+ Kh7 64. Qxd6 Rg7 65. Rd2 Qe3 66. Ra2 Qe4 67. b5 g5 68. Rd2 Qe1 69. Rg2 Qe4 70. e7 g4
71. Qg3 Qxe7 72. Rc2 Qg5 73. d6 Rf7 74. Qxg4 Qe5+ 75. Qg3 Qf6 76. Qd3+ Kg8 77. Rc8+ Kg7 78. Qc3 Qxc3 79. Rxc3
1-0

[Event "Good moves usually have at least two ideas"]
[Site "SchemingMind.com"]
[Date "2010.10.12"]
[Round "-"]
[White "BishopVesey"]
[Black "baron1"]
[Result "1/2-1/2"]
[WhiteCountry "ENG"]
[BlackCountry "ENG"]
[WhiteElo "2376"]
[WhiteRD "76"]
[BlackElo "2423"]
[BlackRD "89"]
[GameID "263427"]

1. Nf3 d5 2. g3 Nf6 3. Bg2 c6 4. O-O Bg4 5. d3 Nbd7 6. c4 e6 7. cxd5 exd5 8. Bf4 Nc5 9. Nbd2 Bd6 10. Bxd6 Qxd6
11. Qc2 O-O 12. Rfc1 Ne6 13. e3 a5 14. d4 a4 15. a3 g6 16. b4 axb3 17. Qxb3 c5 18. dxc5 Nxc5 19. Qb4 Rfc8 20. a4 b6
21. Qd4 Qe7 22. Rcb1 Ncd7 23. Rb5 Rc5 24. Qb4 Bxf3 25. Bxf3 Qe6 26. Be2 Rc2 27. Qd4 Rac8 28. Kg2 h6 29. a5 bxa5 30. Bd1 R2c5
31. Raxa5 Rxb5 32. Rxb5 Ne5 33. Nf3 Nc6 34. Qb2 Ne4 35. Rb6 Qe7 36. Bb3 Qd8 37. Rb5 Ne7 38. Nd4 Qc7 39. h3 Qe5 40. Bc2 Nf5
41. Nxf5 Qxf5 42. Bb1 Qe6 43. Ra5 Nc3 44. Bd3 Kg7 45. Ra6 Rc6 46. Ra8 Rc8 47. Ra4 Qf6 48. Rf4 Qc6 49. Qb4 Qc5 50. Qb7 Rc7
51. Qb8 Qe7 52. Qb6 Qe5 53. Rd4 Rc8 54. Qb2 Qe6 55. h4 h5 56. Rf4 Qe5 57. Qb6 Re8 58. Rd4 Ne4 59. Qb4 Rb8 60. Qa5 Qf5
61. Bxe4 dxe4 62. Qxf5 gxf5=
1/2-1/2

[Event "Good moves usually have at least two ideas"]
[Site "SchemingMind.com"]
[Date "2010.12.20"]
[Round "-"]
[White "Mr Pawn"]
[Black "baron1"]
[Result "1/2-1/2"]
[WhiteCountry "IND"]
[BlackCountry "ENG"]
[WhiteElo "2274"]
[WhiteRD "100"]
[BlackElo "2430"]
[BlackRD "89"]
[GameID "270314"]

1. e4 c6 2. Nf3 d5 3. e5 Bf5 4. d4 e6 5. Be2 Nd7 6. O-O h6 7. c3 Qc7 8. a4 Ne7 9. a5 Ng6 10. Be3 f6
11. Nbd2 fxe5 12. dxe5 Ngxe5 13. Nxe5 Nxe5 14. f4 Nd7 15. Bg4 Bc5 16. Bxc5 Nxc5 17. b4 Ne4 18. Nxe4 dxe4 19. Bh5+ g6 20. Be2 h5
21. Qd4 O-O 22. h3 h4 23. Rad1 a6 24. Qc5 Rad8 25. Bc4 Rxd1 26. Rxd1 Qxf4 27. Rf1 Qb8 28. Qe7 Qe5 29. Qxb7 Qxc3 30. Qxc6 Qxb4
31. Bxe6+ Kg7 32. Qc7+ Kh6 33. Qc1+ Kh7 34. Qc7+ Kh6 35. Qc1+ Kh7 36. Qc7+ Kh6
1/2-1/2

[Event "Good moves usually have at least two ideas"]
[Site "SchemingMind.com"]
[Date "2010.12.20"]
[Round "-"]
[White "baron1"]
[Black "Mr Pawn"]
[Result "1/2-1/2"]
[WhiteCountry "ENG"]
[BlackCountry "IND"]
[WhiteElo "2418"]
[WhiteRD "88"]
[BlackElo "2285"]
[BlackRD "102"]
[GameID "270322"]

1. c4 e5 2. g3 Nc6 3. Nc3 Nf6 4. Bg2 Bc5 5. e3 O-O 6. Nge2 d5 7. Nxd5 Nxd5 8. cxd5 Nb4 9. d4 exd4 10. exd4 Be7
11. Nc3 Bf5 12. O-O Nc2 13. Rb1 Nb4 14. Be3 Bxb1 15. Qxb1 c6 16. dxc6 bxc6 17. a3 Nd5 18. Nxd5 cxd5 19. Qa2 Bg5 20. Bxg5 Qxg5
21. b4 h6 22. h4 Qg4 23. Qxd5 Rad8 24. Qc5 Qxd4 25. Re1 a6 26. Qxd4 Rxd4 27. Bf1 Rd6 28. Rc1 Rb8 29. Kg2 g6 30. g4 Re8
31. Rc7 Re4 32. Kg3 Re1 33. Kg2 Rd4 34. Bxa6 Rxg4+ 35. Kh3 h5 36. Bb7 Rd1 37. b5 Rb1 38. Bc6 Ra4 39. Bd5 Rxa3+ 40. Kg2 Rxb5
41. Bxf7+ Kf8 42. Bxg6 Ra4 43. f3 Rxh4 44. Kg3 Rh1 45. Be4 Ra5 46. Rh7 Kg8 47. Rh6 Raa1 48. Kf4 Kg7 49. Rh7+ Kf6 50. Rh6+ Ke7
51. Kg5 Ra5+ 52. Kf4 Rb5 53. Rh8 Kd6 54. Rd8+ Ke6 55. Rh8 Kd6 56. Rd8+ Ke7 57. Rh8 Ra5 58. Rh6 Rb5 59. Rh8= Kd6 60. Rd8+ Ke6=
1/2-1/2

[Event "Good moves usually have at least two ideas"]
[Site "SchemingMind.com"]
[Date "2010.12.26"]
[Round "-"]
[White "CHESS POET"]
[Black "Mirta Crevani"]
[Result "1/2-1/2"]
[WhiteCountry "GER"]
[BlackCountry "ARG"]
[WhiteElo "2266"]
[WhiteRD "125"]
[BlackElo "2088"]
[BlackRD "141"]
[GameID "270918"]

1. d4 f5 2. Nf3 Nf6 3. g3 g6 4. Bg2 Bg7 5. O-O O-O 6. c4 d6 7. Nc3 Qe8 8. b3 Na6 9. Ba3 c6 10. Qd3 Rb8
11. Nd2 b5 12. cxb5 cxb5 13. Nd5 Bb7 14. Nxf6+ Bxf6 15. Rac1 Bxg2 16. Kxg2 Qd7 17. e4 f4 18. Nf3 Rbc8 19. Rxc8 Rxc8 20. Rc1 Rxc1
21. Bxc1 fxg3 22. hxg3 Nb4 23. Qd2 Nc6 24. d5 Ne5 25. Nd4 Nf7 26. Qd3 Bxd4 27. Qxd4 Ne5 28. Bb2 Qg4 29. Qe3 a6 30. f3 Qh5
31. Bc3 Nf7 32. Be1 Ng5=
1/2-1/2

[Event "Good moves usually have at least two ideas"]
[Site "SchemingMind.com"]
[Date "2010.12.26"]
[Round "-"]
[White "Mirta Crevani"]
[Black "CHESS POET"]
[Result "0-1"]
[WhiteCountry "ARG"]
[BlackCountry "GER"]
[WhiteElo "2061"]
[WhiteRD "137"]
[BlackElo "2287"]
[BlackRD "124"]
[GameID "270920"]

1. c4 e6 2. g3 f5 3. Bg2 Nf6 4. Nf3 Be7 5. O-O O-O 6. d4 Ne4 7. Qb3 Bf6 8. Nc3 Nc6 9. d5 Na5 10. Qa4 Bxc3
11. bxc3 b6 12. Nd4 Bb7 13. Ba3 Rf6 14. Bc1 Qe8 15. Nb5 d6 16. Qc2 Qf7 17. dxe6 Rxe6 18. Nd4 Rf6 19. f3 Nc5 20. Bg5 Rg6
21. Bc1 Rf8 22. e4 fxe4 23. fxe4 Rf6 24. Bg5 Rxf1+ 25. Rxf1 Qxc4 26. Nf5 Rf7 27. Ne7+ Kf8 28. Rxf7+ Qxf7 29. Nd5 Nc4 30. Qe2 Ne5
31. Bf4 Ncd3 32. Qe3 Nxf4 33. gxf4 Ng6 34. f5 Ne5 35. Nf4 Kg8 36. Ne6 Bc8 37. Qg5= Bxe6 38. fxe6 Qxe6 39. Qd8+ Kf7 40. Qxc7+ Qd7
41. Qb8 h6 42. Qa8 Kg6 43. Qf8 Kh7 44. Qb8 Ng6 45. Qa8 Qg4 46. h3 Qg3 47. Qd5 Nh4
0-1

[Event "Good moves usually have at least two ideas"]
[Site "SchemingMind.com"]
[Date "2011.06.24"]
[Round "-"]
[White "Uzi Mike"]
[Black "CHESS POET"]
[Result "1-0"]
[WhiteCountry "USA"]
[BlackCountry "GER"]
[WhiteElo "2292"]
[WhiteRD "75"]
[BlackElo "2239"]
[BlackRD "131"]
[GameID "287154"]

1. e4 e6 2. d4 d5 3. e5 c5 4. c3 Nc6 5. Nf3 Qb6 6. a3 c4 7. Nbd2 Na5 8. Be2 Bd7 9. O-O Ne7 10. Re1 h6
11. Rb1 Qc7 12. Qc2 Nc8 13. b4 cxb3 14. Nxb3 Ba4 15. Nfd2 Nb6 16. Qd3 Nxb3 17. Nxb3 Rc8 18. Na5 Be7 19. Bd2 O-O 20. Qg3 Kh8
21. Bd3 f5 22. Qh3 Rf7 23. Ra1 Nc4 24. Nxc4 dxc4 25. Be2 Qd7 26. Bh5 Rff8 27. Bg6 Kg8 28. d5 Bd8 29. d6 Rc5 30. Bf4 Rd5
31. Qg3 b5 32. Qh3 Bb6 33. Qh4 Bd8 34. Qh5 Bb6 35. Bg5 Bd8 36. Bxd8 Qxd8 37. Rac1 Rd2 38. Qf3 Qg5 39. Qg3 Qxg3 40. hxg3 Rb2
41. f4 Rd2 42. Kh2 a6 43. g4
1-0

[Event "Good moves usually have at least two ideas"]
[Site "SchemingMind.com"]
[Date "2011.06.24"]
[Round "-"]
[White "CHESS POET"]
[Black "Uzi Mike"]
[Result "0-1"]
[WhiteCountry "GER"]
[BlackCountry "USA"]
[WhiteElo "2201"]
[WhiteRD "130"]
[BlackElo "2308"]
[BlackRD "71"]
[GameID "287160"]

1. d4 d5 2. Nf3 Nf6 3. e3 c5 4. dxc5 e6 5. b4 a5 6. c3 axb4 7. cxb4 b6 8. Bb5+ Bd7 9. Bxd7+ Nbxd7 10. a4 bxc5
11. b5 Qc7 12. Bb2 Bd6 13. Nbd2 c4 14. Bc3 Rb8 15. Rb1 Nc5 16. O-O O-O 17. a5 e5 18. b6 Qe7 19. Rb5 Qd7 20. Rxc5 Bxc5
21. Nxe5 Qe6 22. Qc2 Rfe8 23. Rb1 Rb7 24. Rb5 Rc8 25. Qb1 Rbb8 26. Qa1 Qe8 27. Qb2 Qe6 28. Nef3 Qc6 29. Qb1 Nd7 30. e4 d4
31. Rxc5 Qxc5 32. Nxd4 Ne5 33. g3 Nd3 34. Kg2 Kh8 35. Qb5 f6 36. b7 Rd8 37. Qxc5 Nxc5 38. Nc6 Rf8 39. Nxb8 Rxb8 40. Bd4 c3
41. Bxc3= Rxb7 42. Bd4 Rb5 43. Nc4 Rb4 44. Bxc5 Rxc4 45. Be3 Rxe4 46. a6 Ra4 47. a7= Kg8 48. h4 Kf7 49. Kf3 Ke6 50. Ke2 Kd5
51. Kd3 Ra3+ 52. Kc2 Kc4 53. Kb2 Ra4 54. Kc2 g6
0-1

[Event "Good moves usually have at least two ideas"]
[Site "SchemingMind.com"]
[Date "2011.12.08"]
[Round "-"]
[White "Uzi Mike"]
[Black "Mr Pawn"]
[Result "1-0"]
[WhiteCountry "USA"]
[BlackCountry "IND"]
[WhiteElo "2262"]
[WhiteRD "74"]
[BlackElo "2213"]
[BlackRD "121"]
[GameID "298621"]

1. d4 Nf6 2. c4 g6 3. Nc3 d5 4. cxd5 Nxd5 5. e4 Nxc3 6. bxc3 Bg7 7. Nf3 c5 8. Rb1 O-O 9. Be2 Nc6 10. d5 Ne5
11. Nxe5 Bxe5 12. Qd2 e6 13. f4 Bc7 14. O-O exd5 15. exd5 Ba5 16. Rb3 Qd6 17. Rb5 b6 18. Ba3 Ba6 19. Rxa5 bxa5 20. Bxa6 Qxa6
21. Bxc5 Rfe8 22. f5 Re2 23. Qh6 Qc8 24. Be7 Rxe7 25. f6 Qf8 26. Qxf8+ Kxf8 27. fxe7+ Kxe7 28. c4 Rc8= 29. Rc1 Kd6 30. Kf2 Re8=
31. g4 g5 32. Re1 Rc8 33. Re4 Rb8 34. Ke3 Rb2 35. Rd4 Rc2 36. Kd3 Rc1 37. Kd2 Rb1 38. Rd3 Rb2+ 39. Kc3 Rxa2 40. Rd1 Re2
41. Kd4 a4= 42. c5+ Kc7 43. Kc3
1-0

[Event "Good moves usually have at least two ideas"]
[Site "SchemingMind.com"]
[Date "2011.12.07"]
[Round "-"]
[White "Mr Pawn"]
[Black "Uzi Mike"]
[Result "0-1"]
[WhiteCountry "IND"]
[BlackCountry "USA"]
[WhiteElo "2213"]
[WhiteRD "121"]
[BlackElo "2262"]
[BlackRD "74"]
[GameID "298623"]

1. e4 e5 2. Nf3 Nf6 3. Nxe5 d6 4. Nf3 Nxe4 5. d4 d5 6. Bd3 Bd6 7. O-O O-O 8. c4 c6 9. Re1 Re8 10. Nc3 Nxc3
11. bxc3 Bg4 12. Rxe8+ Qxe8 13. cxd5 cxd5 14. h3 Bh5 15. Be3 Bg6 16. Bxg6 hxg6 17. Qb3 Qc6 18. Ne5 Bxe5 19. dxe5 Nd7 20. Rd1 Nxe5
21. Rxd5 Qc7 22. c4 Re8 23. c5 Nc6 24. Rd6 Ne7 25. Qb5 Nc6 26. Qd3 Qc8 27. Qb3 Na5 28. Qd5 Nc6 29. g4 Re7 30. Kg2 Qe8
31. a3 Re5 32. Qb3 Qe7 33. Kh2 Re4 34. Kg2 Kh7 35. Qd5 Qe8= 36. Bd2 Re5 37. Qc4 Re2 38. Qc3 Qe4+
0-1